000 00798nam a2200265Ia 4500
003 OSt
005 20220926000721.0
006 a|||||r|||| 00| 0
007 ta
008 220923b |||||||| |||| 00| 0 eng d
020 _a8173870152
037 _cGeneral Book
040 _aRTL
_cRTL
_beng
041 _2eng
_aeng
082 _aY9(W).27.N9, N4
100 _aSangma Milton S Ed.
_9106256
245 0 _aEssays on north-east India
260 _a New Delhi
_bIndus Publishing Company
_c1994
300 _a327p
_ccm.
490 _aNorth Eastern Hill University, History Series; 2
500 _aBibliography Chapterwise; Appendix: P 318-27
650 _aPolitical Sociology
942 _hY9(W).27.N9, N4
_cGB
_2CC
999 _c599479
_d599479